1096 1420 1929 1419 1689 1070 1802 1871 1039 1730 1497 1936 1854 1492 1566 1194 1019 1999 1430 1551 1197 1048 1367 1741 1773 1593 1352 1026 1189 1577 1803 1417 1386 1770 1835 1936 1942 1031 1904 1717 1242 1947 1838 1800 1490 1783 1148 1115 1616 1350 1205 1482 1269 1457 1284 1849 1483 1120 1768 1348 1296 1551 1330 1979 1551 1396 1613 1904 1392 1054 1534 1202 1697 1337 1242 1723 1816 1984 1940 1091 1290 1246 1366 1786 1510 1434 1742 1060 1961 1904 1083 1742 1900 1044 1688 1328 1624 1882 1725 BCNSPRNW ULIB Ver.6.0+V

เปลี่ยนเป็นภาษาไทย

Change to English
 แสดงรายละเอียดบรรณานุกรม
  กลับหน้าหลัก

Brief Record : Get Marc (ISO 2709) : E-mail record : QR code < ปิดหน้าต่าง
LEADER : 00000nam 2200000uu 4500
001    13399108015
003     ULIB
008    110211s2552||||th 000 0 tha d
020    9749717945
060 04 WQ100^bม455ต 2552
245 00 ตำราสูติศาสตร์ =^bTextbook of obstetrics /^cบรรณาธิการ,มานี ปิยะอนันต์, ชาญชัย วันทนาศิริ, ประเสริฐ ศันสนีย์วิทยกุล
246 30 สูติศาสตร์
246 31 Textbook of obstetrics
250    พิมพ์ครั้งที 3
260    กรุงเทพฯ ^bภาควิชาสูติศาสตร์-นรีเวชวิทยาคณะแพทยศาสตร์ศิริราชพยาบาล,^c2552
300    463 หน้า :^bภาพประกอบ ;^c30 ซม.
500    ชื่อเรื่องจากปกนอก
650  7 การคลอด
650  7 ภาวะแทรกซ้อนขณะตั้งครรภ์
650  7 สูติศาสตร์
653    ผลงานอาจารย์คณะแพทยศาสตร์ศิริราชพยาบาล
700 0  มานี ปิยะอนันต์,^eบรรณาธิการ
700 0  ชาญชัย วันทนาศิริ,^eบรรณาธิการ
700 0  ประเสริฐ คันสนีย์วิทยกุล,^eบรรณาธิการ
710 2  มหาวิทยาลัยมหิดล. ^bคณะแพทยศาสตร์ศิริราชพยาบาล.^bภาควิชาสูติศาสตร์-นรีเวชวิทยา
945    ^p340^l0^i025376
945    ^p340^l0^i025375
945    ^p340^l0^i025374
945    ^p340^l0^i023740
945    ^p340^l0^i023739
945    ^p340^l0^i020123
945    ^p340^l0^i020122
945    ^p340^l0^i024795
995    ทศพร
999 ^a ใช้งานได้ทุกระบบ
รายการนี้ยังไม่มีแท็ก
คุณยังไม่ได้ล็อกอิน คุณสามารถมีกิจกรรมร่วมกับเว็บไซต์ได้ แต่ต้องล็อกอินก่อน ::
  ล็อกอิน

รายการสื่อสารสนเทศ

ลำดับที่ ประเภท เลขเรียก/บาร์โค้ด สถานที่ สถานะ
- ไม่พบข้อมูล -

รายการใกล้เคียง
    หัวเรื่อง [การคลอด]
    หัวเรื่อง [ภาวะแทรกซ้อนขณะตั้งครรภ์]
    หัวเรื่อง [สูติศาสตร์]

BibComment


ยังไม่เคยถูกคอมเมนท์

คอมเมนท์ทรัพยากรรายการนี้
  คอมเมนท์: ตำราสูติศาสตร์ T..


 Copyright 2026. Bcnsprnw @Library